পলাশী থেকে পাকিস্তান / (Record no. 31462)

MARC details
000 -LEADER
fixed length control field 00954nam a22002297a 4500
003 - CONTROL NUMBER IDENTIFIER
control field BDDh-ASL
005 - DATE AND TIME OF LATEST TRANSACTION
control field 20231015031256.0
008 - FIXED-LENGTH DATA ELEMENTS--GENERAL INFORMATION
fixed length control field 230125s1968 b ||||| |||| 00| 0 b d
040 ## - CATALOGING SOURCE
Transcribing agency BDDh-ASL
041 ## - LANGUAGE CODE
Language code of text/sound track or separate title bengali
082 ## - DEWEY DECIMAL CLASSIFICATION NUMBER
Classification number 954.92
Item number SHP
100 1# - MAIN ENTRY--PERSONAL NAME
Personal name শামসুদ্দীন, আবুল কালাম
9 (RLIN) 2135
245 1# - TITLE STATEMENT
Title পলাশী থেকে পাকিস্তান /
246 ## - VARYING FORM OF TITLE
Title proper/short title Polashi Theke Pakistan.
260 ## - PUBLICATION, DISTRIBUTION, ETC.
Place of publication, distribution, etc. পাকিস্তান:
Name of publisher, distributor, etc. পাকিস্তান পাবলিকেশন্স,
Date of publication, distribution, etc. ১৯৬৮।
300 ## - PHYSICAL DESCRIPTION
Extent ১৭৪, ছ পৃষ্ঠা:
Dimensions ২২ সে.মি.
504 ## - BIBLIOGRAPHY, ETC. NOTE
Bibliography, etc. note নির্ঘণ্ট সংযুক্ত ।
650 #0 - SUBJECT ADDED ENTRY--TOPICAL TERM
Topical term or geographic name entry element History (ইতিহাস)
9 (RLIN) 4586
650 #0 - SUBJECT ADDED ENTRY--TOPICAL TERM
Topical term or geographic name entry element War of Polashi (পলাশীর যুদ্ধ)
9 (RLIN) 6157
650 #0 - SUBJECT ADDED ENTRY--TOPICAL TERM
Topical term or geographic name entry element History of Pakistan (পাকিস্তানের ইতিহাস)
9 (RLIN) 6476
942 ## - ADDED ENTRY ELEMENTS (KOHA)
Source of classification or shelving scheme Dewey Decimal Classification
Koha item type Books
Holdings
Withdrawn status Lost status Source of classification or shelving scheme Damaged status Not for loan Collection code Home library Current library Shelving location Date acquired Source of acquisition Total Checkouts Full call number Barcode Date last seen Copy number Price effective from Koha item type Public note
    Dewey Decimal Classification     Non-fiction Asiatic Society Library Asiatic Society Library General Stacks 03/28/2023 Donated by Professor Husniara Huq - A. K. M. Azizul Haq Collection   954.92 SHP 120133 03/28/2023 C-1 03/28/2023 Books RARE

Powered by Koha